000 00280nam a22001337a 4500
008 180222b xxu||||| |||| 00| 0 eng d
020 _a615
041 _aeng
080 _a615
100 _a5
101 _aFAR
245 _aPharmacotherapy handbook
_cCarta,R
942 _2udc
_cBK
999 _c43125
_d43125